000 00335nam a22001457a 4500
008 221019b ||||| |||| 00| 0 eng d
020 _a9780132156882
041 _aeng
080 _2FIFTH EDITION
_a610.73
082 _a610.73 WAL
100 _a8
101 _aINF
245 _aSTRATEGIES FOR THEORY
_cWALKER O.L
942 _2udc
_cBK
999 _c58613
_d58613